Paula
Paula, relato biográfico de Isabel Allende, muestra la experiencia a la cual tuvo que enfrentarse la escritora chilena, cuando estando en Madrid, su hija Paula cayó hospitalizada al enfermar de porfiria, a principios de los 90´s. El relato expone sentimientos como la desesperanza, el miedo y la sole...
Wedi'i Gadw mewn:
| Prif Awdur: | |
|---|---|
| Fformat: | Llyfr |
| Iaith: | Undetermined |
| Cyhoeddwyd: |
Barcelona, España
Plaza & Janes
1995
|
| Rhifyn: | 7 |
| Pynciau: | |
| Tagiau: |
Ychwanegu Tag
Dim Tagiau, Byddwch y cyntaf i dagio'r cofnod hwn!
|
MARC
| LEADER | 00000nam a2200000Ia 4500 | ||
|---|---|---|---|
| 008 | 170316s9999 xx 000 0 und d | ||
| 040 | |a cru BVZT | ||
| 090 | |a 860 A-13p | ||
| 100 | |a Allende, Isabel | ||
| 245 | |a Paula |c / Isabel Allende | ||
| 250 | |a 7 | ||
| 260 | |a Barcelona, España | ||
| 260 | |b Plaza & Janes | ||
| 260 | |c 1995 | ||
| 300 | |a 167 páginas | ||
| 520 | |a Paula, relato biográfico de Isabel Allende, muestra la experiencia a la cual tuvo que enfrentarse la escritora chilena, cuando estando en Madrid, su hija Paula cayó hospitalizada al enfermar de porfiria, a principios de los 90´s. El relato expone sentimientos como la desesperanza, el miedo y la soledad, así como la impotencia y el desconsuelo, al ver como Paula, poco a poco era convertida en sujeto de investigación por parte del personal médico del hospital capitalino. | ||
| 650 | |a LITERATURA LATINOAMERICANA |9 15 | ||
| 650 | |a RELATO BIOGRÁFICO | ||
| 999 | |c 8301 |d 8301 | ||
| 942 | |c 15 D |h 860 A-13p |2 z | ||
